000 00481nam a2200193 a 4500
001 176
003 CO-ViMGA
008 141112s2004 ck r 000 u spa d
040 _aCO-ViMGA
_bspa
_cCO-ViMGA
082 0 4 _aCORc
100 1 _aCortes, Jose Luis
245 1 0 _aUn culete independiente /
_cJose Luis Cortes
250 _a6a
260 _aMadrid :
_bS.M,
_c1995
300 _a31 p : il
490 _aLos piratas, 1
650 1 4 _aCUENTOS INFANTILES
_92743
942 _2ddc
_cBK
999 _c12424
_d12424